000 01086nam a2200277Ia 4500
001 ebr10437304
003 CaPaEBR
006 m u
007 cr cn|||||||||
008 920327s2010 mdu sb 001 0 eng d
020 _z9780761853237
040 _aCaPaEBR
_cCaPaEBR
035 _a(OCoLC)698591261
050 1 4 _aPS634
_b.A63 2010eb
100 1 _aAndreach, Robert J.
245 1 0 _aLen Jenkin's theatre
_h[electronic resource] :
_bwonder and heart /
_cRobert J. Andreach.
260 _aLanham, MD :
_bUniversity Press of America,
_c2010.
300 _avii, 143 p.
504 _aIncludes bibliographical references and index.
533 _aElectronic reproduction.
_bPalo Alto, Calif. :
_cebrary,
_d2011.
_nAvailable via World Wide Web.
_nAccess may be limited to ebrary affiliated libraries.
650 0 _aPlaywriting.
650 0 _aAmerican drama
_y20th century.
655 7 _aElectronic books.
_2local
710 2 _aebrary, Inc.
856 4 0 _uhttp://site.ebrary.com/lib/rucke/Doc?id=10437304
_zAn electronic book accessible through the World Wide Web; click to view
999 _c132702
_d132702